Exploring the earth and moon
| Main Author: | |
|---|---|
| Format: | Book |
| Published: |
London :
Brian Trodd Publishing House ,
1991
|
| Subjects: |
MARC
| LEADER | 00000cam a2200000 7i4500 | ||
|---|---|---|---|
| 001 | 0000025813 | ||
| 005 | 20220628093000.0 | ||
| 008 | 021119n | ||
| 020 | |a 1853611689 | ||
| 090 | 0 | 0 | |a QB581 |b .M66 1991 |
| 100 | 0 | |a Moore, Patrick , |e author | |
| 245 | 0 | 0 | |a Exploring the earth and moon |c Patrick Moore |
| 260 | 2 | |a London : |b Brian Trodd Publishing House , |c 1991 | |
| 300 | |a 96 p. ; ; |c 27 cm. | ||
| 501 | |a Inclides index | ||
| 650 | 0 | |a Earth (Planet) | |
| 650 | 0 | |a Moon |x Exploration | |
| 999 | |a 1000040461 |b Book |c OPEN SHELF (30 DAYS) |e Gong Badak Campus | ||